000 00332nam a2200133 4500
020 _a9788172338442
082 _a664.01
_bMUD/OB
100 _aMudgil, Deepak
245 _aObjective food science and technology
260 _aJodhpur
_bScientific publishers
_c2013
300 _a478p
700 _aMudgil, Sheweta Barak
942 _cBK
999 _c14052
_d14052